[Event "Vojvodina-ch 6th"]
[Site "Novi Sad"]
[Date "2015.07.29"]
[Round "7"]
[White "Bergez, Luc"]
[Black "Markov, Ziva"]
[Result "1-0"]
[WhiteElo "2341"]
[BlackElo "2144"]
[PlyCount "81"]
[EventDate "2015.07.25"]
[EventType "swiss"]
[EventRounds "9"]
[EventCountry "YUG"]
[SourceTitle "EXT 2017"]
[Source "ChessBase"]
[SourceDate "2016.10.25"]
[SourceVersion "1"]
[SourceVersionDate "2016.10.25"]
[SourceQuality "1"]

1. e4 e5 2. Nf3 Nc6 3. Bc4 Nf6 4. d3 Be7 5. 0-0 d6 6. Nbd2 0-0 7. c3 Na5 8. Bb5 a6 9. Ba4 b5 10. Bc2 c5 11. Re1 Qc7 12. Nf1 Re8 13. Ng3 h6 14. h3 Kh7 15. Nh2 Ng8 16. Ng4 g6 17. f4 Bh4 18. Qf3 Bxg4 19. Qxg4 Qe7 20. Rf1 Bxg3 21. Qxg3 f6 22. Be3 Rab8 23. Rf3 b4 24. fxe5 dxe5 25. Qf2 Rec8 26. cxb4 cxb4 27. Ba4 Kg7 28. Ba7 Ra8 29. Bb6 Nb7 30. Bb3 Nd6 31. Rf1 Ne8 32. Bd5 Rab8 33. Ba7 Rb5 34. Bc4 Ra5 35. Bb6 Rxc4 36. dxc4 Rxa2 37. Rd3 Qb7 38. Rd5 Ne7 39. Rxe5 Rxb2 40. Rxe7+ Qxe7 41. Qxb2 1-0

[Event "Vojvodina-ch 3rd"]
[Site "Novi Sad"]
[Date "2012.07.01"]
[Round "4"]
[White "Leskur, Dejan"]
[Black "Markov, Ziva"]
[Result "1-0"]
[WhiteElo "2393"]
[BlackElo "2145"]
[PlyCount "89"]
[EventDate "2012.06.29"]
[EventType "swiss"]
[EventRounds "9"]
[EventCountry "SRB"]
[SourceTitle "CBM 149 Extra"]
[Source "ChessBase"]
[SourceDate "2012.08.24"]
[SourceVersion "1"]
[SourceVersionDate "2012.08.24"]
[SourceQuality "1"]

1. Nf3 d5 2. b3 Bg4 3. Bb2 Nd7 4. g3 Bxf3 5. exf3 Ngf6 6. f4 e6 7. Bg2 Bd6 8. 0-0 0-0 9. c4 c6 10. d4 g6 11. Nd2 b6 12. Re1 Qb8 13. Nf3 Rc8 14. Ne5 Qc7 15. Rc1 Qd8 16. h4 Qf8 17. Rc2 Rc7 18. Qd3 Rac8 19. Rec1 Nb8 20. c5 Be7 21. a4 Nfd7 22. b4 Nxe5 23. fxe5 bxc5 24. bxc5 Nd7 25. Bc3 Rb8 26. Rb2 Rxb2 27. Bxb2 Qd8 28. Bc3 Rb7 29. Qa6 Qc8 30. Bf1 Nb8 31. Qd3 Bd8 32. Qc2 Kg7 33. Bd3 Bc7 34. h5 gxh5 35. Qe2 Qg8 36. Qxh5 Rb3 37. Qd1 Rb7 38. Kg2 Kh8 39. a5 Nd7 40. Qa4 Nb8 41. a6 Rb5 42. Bxb5 cxb5 43. Qxb5 Qg5 44. Re1 Qd8 45. Qb7 1-0

[Event "IBCA Wch blind 12th"]
[Site "Belgrade"]
[Date "2010.09.01"]
[Round "6.15"]
[White "Markov, Ziva"]
[Black "Jandric, Damjan"]
[Result "1-0"]
[WhiteElo "2193"]
[BlackElo "1879"]
[PlyCount "61"]
[EventDate "2010.08.26"]
[EventType "swiss"]
[EventRounds "9"]
[EventCountry "SRB"]
[SourceTitle "EXT 2011"]
[Source "ChessBase"]
[SourceDate "2010.11.26"]
[SourceVersion "1"]
[SourceVersionDate "2010.11.26"]
[SourceQuality "1"]

1. e4 c5 2. Nf3 d6 3. c4 e5 4. d3 g6 5. Nc3 Nc6 6. g3 Bg7 7. Bg2 Nge7 8. Be3 0-0 9. Qd2 Nd4 10. Nd5 Nxd5 11. cxd5 Bh3 12. Nxd4 Bxg2 13. Bg5 Qd7 14. Rg1 cxd4 15. Rxg2 Qh3 16. f4 f6 17. fxe5 dxe5 18. Bf4 exf4 19. gxf4 Bh6 20. Rf2 Rac8 21. Rd1 Rfe8 22. Qe2 Qh4 23. Qf3 Rc5 24. Kf1 g5 25. Re1 gxf4 26. Rg2+ Kh8 27. Rg4 Qxh2 28. b4 Rcc8 29. d6 Rg8 30. d7 Rcd8 31. Re2 1-0

[Event "IBCA Wch blind 12th"]
[Site "Belgrade"]
[Date "2010.08.30"]
[Round "5.7"]
[White "Markov, Ziva"]
[Black "Zsiltzova Lisenko, Lubov"]
[Result "0-1"]
[WhiteElo "2193"]
[BlackElo "2282"]
[PlyCount "84"]
[EventDate "2010.08.26"]
[EventType "swiss"]
[EventRounds "9"]
[EventCountry "SRB"]
[SourceTitle "EXT 2011"]
[Source "ChessBase"]
[SourceDate "2010.11.26"]
[SourceVersion "1"]
[SourceVersionDate "2010.11.26"]
[SourceQuality "1"]

1. e4 c5 2. Nf3 Nc6 3. d4 cxd4 4. Nxd4 Qb6 5. Nb3 Nf6 6. Nc3 e6 7. Bd3 d6 8. 0-0 Be7 9. Kh1 0-0 10. f4 a6 11. a4 Qc7 12. a5 b5 13. axb6 Qxb6 14. Qe2 e5 15. Be3 Qb7 16. f5 Nb4 17. Na5 Qc7 18. Bg5 Bd7 19. Bxf6 Bxf6 20. Nd5 Nxd5 21. exd5 Rab8 22. Ra2 Qc5 23. Qe4 Rb4 24. Nb3 Qb6 25. Rxa6 Qb8 26. Qe1 e4 27. Be2 Re8 28. Qa1 e3 29. Qa3 Be5 30. h3 Rh4 31. Rf3 Bc8 32. Ra8 Qb7 33. Rxe3 Qxd5 34. Bf3 Qb5 35. Be2 Qb6 36. Qa7 Qc6 37. Bd3 Rf8 38. Qa5 g6 39. Qa7 Kg7 40. Qa5 Bb7 41. f6+ Bxf6 42. Be4 Rxe4 0-1

[Event "IBCA-ol blind 13th"]
[Site "Heraklion"]
[Date "2008.10.25"]
[Round "6.2"]
[White "Markov, Ziva"]
[Black "Alimkhanov, Abdurashid"]
[Result "1-0"]
[WhiteElo "2205"]
[BlackElo "1400"]
[PlyCount "63"]
[EventDate "2008.10.19"]
[EventType "team-swiss"]
[EventRounds "9"]
[EventCountry "GRE"]
[SourceTitle "EXT 2010"]
[Source "ChessBase"]
[SourceDate "2010.11.25"]
[SourceVersion "1"]
[SourceVersionDate "2010.11.25"]
[SourceQuality "1"]
[WhiteTeam "Serbia (blind)"]
[BlackTeam "Kazakhstan (blind)"]
[WhiteTeamCountry "YUG"]
[BlackTeamCountry "KAZ"]

1. e4 c5 2. Nf3 Nc6 3. d4 cxd4 4. Nxd4 Nf6 5. Nc3 Qb6 6. Nb3 e6 7. Be3 Qc7 8. f4 d6 9. Qf3 Be7 10. g4 a6 11. a3 b5 12. g5 Nd7 13. Bd3 b4 14. Ne2 bxa3 15. bxa3 Na5 16. Nd2 e5 17. f5 Nb6 18. c4 Nbxc4 19. Rc1 Nxd2 20. Bxd2 Qb6 21. Be3 Qb3 22. Rc3 Qa4 23. 0-0 0-0 24. f6 Bd8 25. Qh5 Be6 26. fxg7 Re8 27. Qh6 Be7 28. Ng3 Qd7 29. Nf5 Rac8 30. Rxc8 Rxc8 31. Rf3 Nc4 32. Qxh7+ 1-0

[Event "SLO-ch blind int 7th"]
[Site "Izola"]
[Date "2007.06.15"]
[Round "3"]
[White "Mlacnik, Franc"]
[Black "Markov, Ziva"]
[Result "0-1"]
[WhiteElo "2128"]
[BlackElo "2227"]
[PlyCount "90"]
[EventDate "2007.06.13"]
[EventType "swiss"]
[EventRounds "7"]
[EventCountry "SLO"]
[SourceTitle "EXT 2023"]
[Source "ChessBase"]
[SourceDate "2022.10.05"]
[SourceVersion "1"]
[SourceVersionDate "2022.10.05"]
[SourceQuality "1"]

1. Nf3 d5 2. g3 c6 3. Bg2 Nf6 4. 0-0 Bg4 5. d4 e6 6. b3 Bd6 7. Bb2 Nbd7 8. Nbd2 Qe7 9. c4 0-0 10. Ne5 Bf5 11. Re1 Rfd8 12. Nxd7 Rxd7 13. e4 dxe4 14. Nxe4 Bxe4 15. Bxe4 Bc5 16. d5 cxd5 17. cxd5 Nxe4 18. Rxe4 Rxd5 19. Qxd5 exd5 20. Rxe7 Bxe7 21. Rd1 Rd8 22. Bd4 b6 23. Rc1 Bd6 24. Rc6 f6 25. f4 Kf7 26. Kf2 Ke6 27. Rc2 Kd7 28. Kf3 h5 29. h4 Re8 30. Rd2 Re4 31. Be3 Kc6 32. Rc2+ Bc5 33. Bxc5 bxc5 34. g4 hxg4+ 35. Kxg4 g6 36. Kf3 f5 37. b4 c4 38. Rg2 Re6 39. Rd2 Re4 40. Rg2 c3 41. Rxg6+ Kb5 42. h5 c2 43. Rg1 d4 44. h6 d3 45. h7 d2 0-1

[Event "IBCA World Cup 5th"]
[Site "Eretria"]
[Date "2005.07.19"]
[Round "7.2"]
[White "Desanjose Candalija, Eduardo"]
[Black "Markov, Ziva"]
[Result "1-0"]
[WhiteElo "2213"]
[BlackElo "2254"]
[PlyCount "61"]
[EventDate "2005.07.13"]
[EventType "team"]
[EventRounds "8"]
[EventCountry "GRE"]
[SourceTitle "EXT 2006"]
[Source "ChessBase"]
[SourceDate "2005.11.24"]
[SourceVersion "1"]
[SourceVersionDate "2005.11.24"]
[SourceQuality "1"]

1. c4 c6 2. e4 d5 3. exd5 cxd5 4. cxd5 Nf6 5. Nc3 Nxd5 6. Nf3 Nc6 7. Bb5 Nc7 8. Ba4 Bd7 9. 0-0 e6 10. d4 Be7 11. Re1 0-0 12. a3 a6 13. Bc2 Re8 14. Qd3 g6 15. Ne4 Nd5 16. Bd2 Nf6 17. Neg5 Bf8 18. Ne5 Nxe5 19. dxe5 Nd5 20. Qf3 Qe7 21. Qh3 h6 22. Ne4 Bg7 23. Nd6 Reb8 24. Bxh6 Bxe5 25. Nxf7 Bxh2+ 26. Qxh2 Qxf7 27. Re5 Ne7 28. Rae1 Nf5 29. Bxf5 gxf5 30. R1e3 Qe8 31. Qg3+ 1-0

[Event "SLO-ch blind int"]
[Site "Izola"]
[Date "1997.??.??"]
[Round "?"]
[White "Markov, Ziva"]
[Black "Blasco Frasquet, Raul"]
[Result "1-0"]
[WhiteElo "2220"]
[BlackElo "2070"]
[PlyCount "30"]
[EventDate "1997.??.??"]
[EventType "swiss"]
[EventRounds "7"]
[EventCountry "SLO"]
[SourceTitle "EXT 2000"]
[Source "ChessBase"]
[SourceDate "1999.11.16"]
[SourceVersion "1"]
[SourceVersionDate "1999.11.16"]
[SourceQuality "1"]

1. e4 d5 2. exd5 Qxd5 3. Nc3 Qa5 4. d4 Nf6 5. Bd2 c6 6. Bc4 Bf5 7. Nf3 e6 8. 0-0 Be7 9. Nd5 Qd8 10. Nxe7 Qxe7 11. Bg5 h6 12. Bh4 Nbd7 13. Ne5 0-0-0 14. Qe2 g5 15. Bg3 h5 1-0

[Event "SLO-ch blind int"]
[Site "Izola"]
[Date "1997.??.??"]
[Round "?"]
[White "Markov, Ziva"]
[Black "Negovanovic, Branko"]
[Result "1/2-1/2"]
[WhiteElo "2220"]
[BlackElo "2150"]
[PlyCount "46"]
[EventDate "1997.??.??"]
[EventType "swiss"]
[EventRounds "7"]
[EventCountry "SLO"]
[SourceTitle "EXT 2000"]
[Source "ChessBase"]
[SourceDate "1999.11.16"]
[SourceVersion "1"]
[SourceVersionDate "1999.11.16"]
[SourceQuality "1"]

1. e4 c5 2. Nf3 e6 3. d4 cxd4 4. Nxd4 a6 5. Nc3 Qc7 6. g3 b5 7. Bg2 Bb7 8. 0-0 Nf6 9. a3 Nc6 10. h3 Be7 11. Kh2 0-0 12. f4 Nxd4 13. Qxd4 d6 14. Be3 Rfc8 15. Rad1 Qc4 16. e5 Qxd4 17. Bxd4 Bxg2 18. exf6 Bxf1 19. fxe7 Bc4 20. Bb6 Re8 21. Bd8 Raxd8 22. exd8Q Rxd8 23. b3 Bd5 1/2-1/2

[Event "SLO-ch blind int"]
[Site "Izola"]
[Date "1997.??.??"]
[Round "?"]
[White "Mueller, M."]
[Black "Markov, Ziva"]
[Result "0-1"]
[WhiteElo "2100"]
[BlackElo "2220"]
[PlyCount "137"]
[EventDate "1997.??.??"]
[EventType "swiss"]
[EventRounds "7"]
[EventCountry "SLO"]
[SourceTitle "EXT 2000"]
[Source "ChessBase"]
[SourceDate "1999.11.16"]
[SourceVersion "1"]
[SourceVersionDate "1999.11.16"]
[SourceQuality "1"]

1. e4 e5 2. Nf3 Nc6 3. Bb5 f5 4. d3 fxe4 5. dxe4 Nf6 6. 0-0 Bc5 7. Qd3 d6 8. Qc4 Qe7 9. Nc3 Bd7 10. Nd5 Nxd5 11. exd5 Nb8 12. Bg5 Bxb5 13. Qxb5+ c6 14. Qxc5 dxc5 15. Bxe7 Kxe7 16. Rfe1 cxd5 17. Rxe5+ Kd6 18. Rae1 Nc6 19. Rg5 g6 20. Rd1 Ne7 21. Re5 Rhf8 22. Rde1 Nc6 23. Re6+ Kd7 24. Ng5 Rh8 25. c3 Raf8 26. Kf1 Rf5 27. Nf3 Rhf8 28. h3 b5 29. R6e2 R8f6 30. Rd2 Rd6 31. Red1 g5 32. Ne1 Ne7 33. Nd3 Kc6 34. b4 c4 35. g4 Rf8 36. Nc5 Rfd8 37. Re1 Nc8 38. Ne6 Rg8 39. Nd4+ Kb6 40. Nf5 Rd7 41. Re6+ Kb7 42. Re5 Nb6 43. Nd4 a6 44. Ke1 Na4 45. Rc2 Rgg7 46. Nf5 Rgf7 47. Ke2 Rf6 48. Ke3 Nxc3 49. Kd4 Na4 50. Rxd5 Kc6 51. Rxd7 Kxd7 52. Re2 Rc6 53. Re7+ Kd8 54. Kd5 Rf6 55. Rxh7 c3 56. Rh8+ Kc7 57. Rh7+ Kd8 58. Rh8+ Kd7 59. Rh7+ Ke8 60. Rh8+ Kf7 61. Rh7+ Kg8 62. Rc7 Kf8 63. Ke5 Rb6 64. Nd6 a5 65. bxa5 Ra6 66. Nxb5 Rxa5 67. Kf6 Ke8 68. Nd6+ Kd8 69. Ke6 0-1

[Event "SLO-ch blind int"]
[Site "Izola"]
[Date "1997.??.??"]
[Round "?"]
[White "Sakic, Milutin"]
[Black "Markov, Ziva"]
[Result "1-0"]
[WhiteElo "2215"]
[BlackElo "2220"]
[PlyCount "89"]
[EventDate "1997.??.??"]
[EventType "swiss"]
[EventRounds "7"]
[EventCountry "SLO"]
[SourceTitle "EXT 2000"]
[Source "ChessBase"]
[SourceDate "1999.11.16"]
[SourceVersion "1"]
[SourceVersionDate "1999.11.16"]
[SourceQuality "1"]

1. d4 d5 2. c4 c6 3. Nf3 Nf6 4. Nc3 e6 5. cxd5 exd5 6. Qc2 Be7 7. e3 0-0 8. Bd3 Nbd7 9. 0-0 Re8 10. Ne5 Nf8 11. f4 Bd6 12. Ne2 Qc7 13. Ng3 a5 14. Bd2 Re7 15. Nf5 Bxf5 16. Bxf5 g6 17. Bd3 Ne4 18. Bxe4 dxe4 19. a3 Qd8 20. b4 Bc7 21. bxa5 Bxa5 22. Bb4 Bxb4 23. axb4 Rxa1 24. Rxa1 f6 25. Nc4 Kg7 26. Ra7 Qd5 27. Ra5 Qd7 28. Nd2 Ne6 29. Nb3 Qd6 30. Ra7 Qd5 31. Ra5 b5 32. Ra6 Rc7 33. Na5 Nxd4 34. exd4 Qxd4+ 35. Kf1 e3 36. g3 Qd5 37. Rxc6 Qf3+ 38. Ke1 Rxc6 39. Nxc6 Qh1+ 40. Ke2 Qg2+ 41. Kd3 e2 42. Qxe2 Qxc6 43. Qe7+ Kh6 44. Qf8+ Kh5 45. Qc5+ 1-0

[Event "IBCA Wch blind 08th"]
[Site "Torrevieja"]
[Date "1995.01.20"]
[Round "7"]
[White "Irimia, Mihai"]
[Black "Markov, Ziva"]
[Result "1-0"]
[WhiteElo "2020"]
[BlackElo "2100"]
[PlyCount "63"]
[EventDate "1995.01.13"]
[EventType "swiss"]
[EventRounds "8"]
[EventCountry "ESP"]
[SourceTitle "EXT 2004"]
[Source "ChessBase"]
[SourceDate "2003.11.25"]
[SourceVersion "1"]
[SourceVersionDate "2003.11.25"]
[SourceQuality "1"]

1. c4 c6 2. d4 d5 3. Nf3 Nf6 4. Nc3 e6 5. Bg5 dxc4 6. e4 b5 7. e5 h6 8. Bh4 g5 9. Nxg5 hxg5 10. Bxg5 Be7 11. exf6 Bxf6 12. Be3 Na6 13. g3 Nb4 14. a3 Nd5 15. Ne4 Be7 16. Bg2 Qb6 17. b3 c3 18. b4 a5 19. Nc5 axb4 20. axb4 c2 21. Qc1 Rxa1 22. Qxa1 Nxb4 23. 0-0 Nd5 24. Rc1 Nxe3 25. fxe3 0-0 26. Rxc2 e5 27. Qf1 Rd8 28. Nd3 exd4 29. Ne5 Be6 30. Rxc6 Qa7 31. Rxe6 f6 32. Nc6 1-0

[Event "IBCA Wch blind 08th"]
[Site "Torrevieja"]
[Date "1995.01.15"]
[Round "2"]
[White "Palacios Perez, Manuel"]
[Black "Markov, Ziva"]
[Result "1/2-1/2"]
[WhiteElo "2160"]
[BlackElo "2100"]
[PlyCount "113"]
[EventDate "1995.01.13"]
[EventType "swiss"]
[EventRounds "8"]
[EventCountry "ESP"]
[SourceTitle "EXT 2004"]
[Source "ChessBase"]
[SourceDate "2003.11.25"]
[SourceVersion "1"]
[SourceVersionDate "2003.11.25"]
[SourceQuality "1"]

1. d4 d5 2. c4 c6 3. Nf3 Nf6 4. Qc2 e6 5. g3 Be7 6. Bg2 0-0 7. 0-0 Nbd7 8. Nbd2 Re8 9. b3 a5 10. Bb2 a4 11. Rfd1 Bb4 12. e4 Nxe4 13. Nxe4 dxe4 14. Qxe4 Nf6 15. Qc2 axb3 16. axb3 Rxa1 17. Bxa1 Qa5 18. Ne5 Bd6 19. Bc3 Qc7 20. Nd3 Bd7 21. Ra1 Rb8 22. Ra7 Qc8 23. Qa2 Qd8 24. Qa1 h6 25. Bf3 Be8 26. Kg2 Bd7 27. Ba5 Qc8 28. Bb6 Be8 29. Qa5 Nd7 30. c5 Nxb6 31. Qxb6 Bc7 32. Qb4 b6 33. Qc3 bxc5 34. Nxc5 Bb6 35. Ra1 Ra8 36. b4 Rxa1 37. Qxa1 Qb8 38. Qc3 Qd6 39. h4 Kf8 40. Qc4 Ke7 41. Be4 Kf8 42. Bf3 Ke7 43. Qa6 Qc7 44. Qa8 Ba7 45. Bh5 Qb8 46. Qxb8 Bxb8 47. Kf1 g6 48. Bd1 e5 49. dxe5 Bxe5 50. Ke2 Bc3 51. Na6 Kd6 52. Kd3 Bg7 53. Nc5 f5 54. Bb3 Bf6 55. Be6 f4 56. Bc4 fxg3 57. fxg3 1/2-1/2